A Concise introduction to logic / (Record no. 19578)

MARC details
000 -LEADER
fixed length control field 00476nam a22001817a 4500
003 - CONTROL NUMBER IDENTIFIER
control field OSt
008 - FIXED-LENGTH DATA ELEMENTS--GENERAL INFORMATION
fixed length control field 230518b2018 |||||||| |||| 00| 0 eng d
020 ## - INTERNATIONAL STANDARD BOOK NUMBER
International Standard Book Number 9789353502065
082 ## - DEWEY DECIMAL CLASSIFICATION NUMBER
Classification number 160
Item number HUR-C
100 ## - MAIN ENTRY--PERSONAL NAME
Personal name Hurley, Patrick J.
245 ## - TITLE STATEMENT
Title A Concise introduction to logic /
Statement of responsibility, etc Patrick J. Hurley and Lori Watson
250 ## - EDITION STATEMENT
Edition statement 13th ed.
260 ## - PUBLICATION, DISTRIBUTION, ETC. (IMPRINT)
Place of publication, distribution, etc Australia :
Name of publisher, distributor, etc Cengage,
Date of publication, distribution, etc 2018.
300 ## - PHYSICAL DESCRIPTION
Extent / Pages xxiii, 728 p.
650 ## - SUBJECT ADDED ENTRY--TOPICAL TERM
Topical term or geographic name as entry element Logic
700 ## - ADDED ENTRY--PERSONAL NAME
Personal name Watson, Lori
942 ## - ADDED ENTRY ELEMENTS (KOHA)
Source of classification or shelving scheme
Koha item type Books
Holdings
Withdrawn status Lost status Source of classification or shelving scheme Damaged status Not for loan Home library Current library Date acquired Source of acquisition Currency Cost, normal purchase price Full call number Barcode Date last seen Copy number Bill Date Koha item type Bill Number
          SOBD Library SOBD Library 18/05/2023 Vedi Books INR 725.00 160 HUR-C1 003540 18/05/2023 1 17/04/2023 Reference Books VEDI/23-24/04/11
          SOBD Library SOBD Library 18/05/2023 Vedi Books INR 725.00 160 HUR-C2 003541 18/05/2023 2 17/04/2023 Books VEDI/23-24/04/11
          SOBD Library SOBD Library 18/05/2023 Vedi Books INR 725.00 160 HUR-C3 003542 18/05/2023 3 17/04/2023 Books VEDI/23-24/04/11
Hosted, Implemented, Customized & Maintained by: BestBookBuddies

Powered by Koha